| 000 | 00397nam a2200169Ia 4500 | ||
|---|---|---|---|
| 008 | 210210b1930 xxu||||| |||| 00| 0 eng d | ||
| 041 | _aeng | ||
| 082 | _a821/645 | ||
| 100 | _aTAGORE (R) | ||
| 245 | _aLovers gifts crossing | ||
| 260 |
_aLondon _bMacmillan & Co. Ltd. _c1930 |
||
| 650 | _aLovers | ||
| 650 | _agifts | ||
| 650 | _acrossing | ||
| 690 | _aEnglish Literature | ||
| 906 | _a011813 | ||
| 999 |
_c130524 _d130524 |
||